000 00665nam a2200169 i 4500
001 153236
003 ES-MaACL
005 20230906205102.0
008 050907s1897 sp | |||||||| ||fre d
111 2 _aCongreso Internacional de Higiene y Demografía (
_n9ª.
_d1898.
_cMadrid)
_9135086
245 1 0 _aIX Congrès International d'Hygiène et de Démographie :
_b: reglements.
260 _aMadrid :
_b[s.n.],
_c1897 (
_fImp. de Ricardo Rojas)
300 _a26 p. ;
_c16 cm.
650 4 _aHigiene-
_vCongresos y asambleas.
_9161772
650 4 _aDemografía-
_vCongresos y asambleas.
_9161771
852 _aES-MaACL
_jT-763-F-4
_z- Enc. hol., conservando cub. original
999 _c153236
_d153236